• 首页
  • 本馆介绍
  • 公告通知
  • 最新文献
  • 馆藏检索
  • 电子资源
  • 读者导购
  • 参考咨询
  • 我的图书馆
  • 登录
  • 详细信息显示
  • 放入我的书架
  • 预约/预借图书
  • 作者相关作品
  • 分类相关作品
  • 丛书相关作品
  • 出版社相关作品

书目信息

  • 表格格式
  • 工作单格式
  • 卡片格式
题名:
光荣与梦想
    
 
作者: 曼彻斯特 , Manchester 著 ;广州外国语学院美英问题研究室 译
分册: 第四册  
出版信息: 北京   商务印书馆  1979
页数: 1249-1906页
开本: 20cm
丛书名:
单 册:
中图分类: K712.54 , K712.5
科图分类:
主题词: 北美洲--历史 , 现代史-美国--1932~1972
电子资源:
ISBN:
000 01185nam0 2200325 45
001 0179007327
005 20060820152935.70
010    @dCNY1.95
091    @a11017.480
100    @a19950725d1979 em y0chiy0121 ea
101 1  @achi@ceng
102    @aCN@b110000
105    @ay z 000yy
200 10 @a光荣与梦想@Aguang rong yu meng xiang@e1932—1972年美国实录@h第四册@f(美)曼彻斯特(W.Manchester)著@g广州外国语学院美英问题研究室翻译组译
210    @a北京@c商务印书馆@d1979
215    @a1249-1906页@d20cm
300    @a内部发行
300    @a书名原文:The glory and the dream;a narrative history of America 1932-1972
510 1  @aThe glory and the dream;a narrative history of America 1932-1972@zeng
517 1  @a1932—1972年美国实录@A1932 — 1972 nian mei guo shi lu
606 0  @a北美洲@x历史
606    @a现代史-美国@z1932~1972
607    @a美国@x现代史@z1932~1972
690    @aK712.54
690    @aK712.5@v3
701  1 @a曼彻斯特@Aman che si te@bW.@4著
701 A1 @aManchester@bW.@4著
712 02 @a广州外国语学院美英问题研究室@Aguang zhou wai guo yu xue yuan mei ying wen ti yan jiu shi@4译
801  0 @aCN@bNLC@c20060820
905    @f1@b38799@dK712.54@e4:4
    
    光荣与梦想:1932—1972年美国实录.第四册/(美)曼彻斯特(W.Manchester)著/广州外国语学院美英问题研究室翻译组译.-北京:商务印书馆,1979
    1249-1906页;20cm
    内部发行.-书名原文:The glory and the dream;a narrative history of America 1932-1972
    
    ISBN :CNY1.95
    
●
相关链接 在E读中查询图书 在五车中查询图书 在当当中查询图书 在豆瓣中查询图书


正题名:光荣与梦想     索取号:K712.54/4:4         预约/预借

序号 登录号 条形码 馆藏地/架位号 状态 备注
1 0038799   001413385   密集书库/ [索取号:K712.54/4:4] 在馆    
2 0470849   204708496   密集书库/ [索取号:K712.54/4:4] 在馆    
唐山师范学院图书馆 欢迎您!
大连网信软件有限公司© 版权所有